000 00941cam a22002774a 4500
999 _c1091
_d1091
001 15576173
003 GZU
005 20200923112306.0
008 090106s2010 nyua b 001 0 eng
010 _a 2009000300
020 _a9780321590039
020 _a0321590031
040 _aDLC
_cDLC
_dDLC
050 0 0 _aGF41
_bRUB 2010
082 0 0 _a304.2
_222
100 1 _aRubenstein, James M.
245 1 0 _aContemporary human geography /
_cJames M. Rubenstein.
250 _a1st ed.
260 _aNew York :
_bPrentice Hall,
_cc2010.
300 _axx, 363 p. :
_bcol. ill. ;
_c28 cm.
504 _aIncludes bibliographical references and index.
650 0 _aHuman geography.
906 _a7
_bcbc
_corignew
_d1
_eecip
_f20
_gy-gencatlg
942 _2lcc
_cBK
_h41
_iRUB
_kGF